00557nam a2200181Ia 4500003000900000008004100009040001600050080001600066100002200082245011400104260003000218300001000248650004100258650002200299650002400321650001400345650001600359IN-BaIIA211028s9999 xx 000 0 eng d cIIA Library a524.57bDEU aDeul, Erik Ronald 0aInterstellar dust and gas in the Milky way M33c S. Debarat  aLiedenbSterrewachtc1988 a242p. aAstronomy and astrophysics thesaurus aInterstellar dust aInterstellar matter aMilky way aPh.D.thesis